[Event "2nd Mayors Cup"]
[Site "Mumbai IND"]
[Date "2009.05.06"]
[Round "7"]
[White "Gupta,Ab"]
[Black "Shyam,SM"]
[Result "1/2-1/2"]
[WhiteElo "2570"]
[BlackElo "2424"]

1.d4 Nf6 2.c4 g6 3.Nc3 Bg7 4.e4 d6 5.Nf3 O-O 6.Be2 e5 7.Be3 Nbd7 8.d5 a5
9.Nd2 Ne8 10.g4 c6 11.h4 cxd5 12.cxd5 Nc5 13.h5 Bf6 14.Nc4 Bg5 15.Bxc5 dxc5
16.Nxe5 Nd6 17.Nc4 Re8 18.Qd3 Nxc4 19.Qxc4 b6 20.a4 Qd6 21.Qd3 Bd7 22.Qf3 Rad8
23.Kf1 Qe5 24.Rd1 Bc8 25.Kg2 h6 26.d6 Rxd6 27.Rxd6 Qxd6 28.Bc4 Be6 29.Rd1 Qe5
30.Bxe6 Qxe6 31.Qg3 Bf6 32.hxg6 fxg6 33.Rd6 Qe7 34.Rxb6 Bxc3 35.Qxc3 Qxe4+
36.f3 Qe2+ 37.Kg3 Kh7 38.Qxc5 Qe1+ 39.Qf2 Qe5+ 40.Kg2 Qc7 41.Rb3 Re7 42.Rc3 Qf4
43.b3 Rd7 44.Rc2 h5 45.Rc4 Qg5 46.Rd4 Rb7 47.Qc2 Re7 48.Qd3 Kh6 49.Rd8 hxg4
50.Rh8+ Kg7 51.Qd4+ Qe5 52.Qxe5+ Rxe5 53.Rb8 Re2+ 54.Kg3 gxf3 55.Kxf3 Rb2
56.Rb5 Kh6 57.Kg4 Rb1 58.Rb6 Rf1 59.Rb5 Rb1 60.Rb6 Rf1 61.Rb5 Rb1  1/2-1/2

[Event "Moscow Region Spring GM"]
[Site "Serpukhov RUS"]
[Date "2009.05.06"]
[Round "10"]
[White "Bagrationi,A"]
[Black "Kashlinskaya,A"]
[Result "1/2-1/2"]
[WhiteElo "2370"]
[BlackElo "2344"]

1.d4 Nf6 2.c4 g6 3.Nc3 Bg7 4.e4 d6 5.Nf3 O-O 6.Be2 Na6 7.O-O e5 8.Be3 Ng4
9.Bg5 f6 10.Bd2 exd4 11.Nxd4 f5 12.Nc2 Qh4 13.h3 Ne5 14.f4 Nc6 15.exf5 Bxf5
16.Ne3 Rae8 17.Nxf5 gxf5 18.Kh2 Nc5 19.Bh5 Re6 20.Be1 Rxe1 21.Rxe1 Qxf4+
22.Kh1 Qxc4 23.Qd5+ Qxd5 24.Nxd5 Nd4 25.Rad1 Ne4 26.Kg1 c6 27.Ne7+ Kh8 28.Nxf5 Nxf5
29.Rxe4 Ng3 30.Re7 Nxh5 31.g4 Nf4 32.Rxd6 Bxb2 33.Rxb7 Bd4+ 34.Kh1 c5 35.Rdd7 Kg8
36.Rxa7 Nxh3 37.a4 Be5 38.g5 c4 39.Ra5 Bf4 40.Rc5 Nxg5 41.Rxc4 h5  1/2-1/2

[Event "Moscow Region Spring GM"]
[Site "Serpukhov RUS"]
[Date "2009.05.06"]
[Round "11"]
[White "Belov,Ig1"]
[Black "Can,E"]
[Result "0-1"]
[WhiteElo "2443"]
[BlackElo "2461"]

1.Nf3 Nf6 2.c4 g6 3.Nc3 Bg7 4.e4 d6 5.d4 O-O 6.Be2 e5 7.d5 Nbd7 8.Be3 Ng4
9.Bd2 f5 10.Ng5 Ndf6 11.exf5 gxf5 12.h3 Nh6 13.g4 Ne8 14.Qc2 Qe7 15.O-O-O Kh8
16.Rde1 c6 17.Bd3 Nc7 18.f4 Na6 19.a3 Nc5 20.Be3 Nxd3+ 21.Qxd3 Bd7 22.fxe5 dxe5
23.d6 Qf6 24.gxf5 Nxf5 25.Nge4 Qf7 26.Bd2 b5 27.c5 a5 28.Ng5 Qb3 29.Qc2 Qxc2+
30.Kxc2 Nd4+ 31.Kb1 Bf5+ 32.Nge4 Be6 33.Bg5 b4 34.Ne2 bxa3 35.bxa3 Nf3 36.Ref1 Bb3
37.Kc1 Bd5 38.N2c3 Nxg5 39.Nxg5 Bxh1 40.Rxh1 Bh6 41.h4 Rf4 42.Kc2 Bxg5 43.hxg5 Rc4
44.Rh6 Kg7 45.Kd3 Rd4+ 46.Ke3 Rb8 47.Ne2 Rb3+ 48.Kf2 Rd5 49.Ng3 Rd2+ 50.Ke1 Ra2
51.Nf5+ Kh8  0-1

[Event "Moscow Region Spring GM"]
[Site "Serpukhov RUS"]
[Date "2009.05.07"]
[Round "13"]
[White "Belov,Ig1"]
[Black "Savina,A"]
[Result "1/2-1/2"]
[WhiteElo "2443"]
[BlackElo "2258"]

1.Nf3 Nf6 2.c4 g6 3.Nc3 Bg7 4.e4 d6 5.d4 O-O 6.Be2 Na6 7.O-O e5 8.d5 Nc5
9.Nd2 a5 10.Rb1 Ne8 11.b3 f5 12.a3 Nf6 13.b4 axb4 14.axb4 Ncxe4 15.Ndxe4 Nxe4
16.Nxe4 fxe4 17.Be3 Bd7 18.c5 Bf6 19.Qd2 Qe7 20.Rfc1 Rfc8 21.h3 Qd8 22.Rc2 Qe8
23.Qc1 Qd8 24.Bc4 Kh8 25.Qd2  1/2-1/2

[Event "2nd Mayors Cup"]
[Site "Mumbai IND"]
[Date "2009.05.08"]
[Round "9"]
[White "Miroshnichenko,E"]
[Black "Areshchenko,A"]
[Result "1/2-1/2"]
[WhiteElo "2680"]
[BlackElo "2657"]

1.d4 Nf6 2.c4 g6 3.Nc3 Bg7 4.e4 d6 5.Nf3 O-O 6.Be2 e5 7.O-O Na6 8.Be3 Ng4
9.Bg5 Qe8 10.dxe5 dxe5 11.h3 f6 12.Bd2 Nh6 13.c5 Nxc5 14.Qc1 Nf7 15.Nd5 Ne6
16.Nxc7 Nxc7 17.Qxc7 Nd8 18.Rfc1 Be6 19.Bc4 Rf7  1/2-1/2

[Event "Moscow Region Spring GM"]
[Site "Serpukhov RUS"]
[Date "2009.05.08"]
[Round "14"]
[White "Savina,A"]
[Black "Kashlinskaya,A"]
[Result "1/2-1/2"]
[WhiteElo "2258"]
[BlackElo "2344"]

1.d4 Nf6 2.c4 g6 3.Nc3 Bg7 4.e4 d6 5.Nf3 O-O 6.Be2 Na6 7.O-O e5 8.Be3 Ng4
9.Bg5 Qe8 10.dxe5 dxe5 11.h3 h6 12.Bd2 Nf6 13.Be3 Qe7 14.Nd5 Qd8 15.Nxf6+ Qxf6
16.c5 Nb8 17.b4 Nc6 18.b5 Nd8 19.Qc1 Ne6 20.c6 g5 21.Rd1 Nf4 22.Bxf4 exf4
23.e5 Qe7 24.Bd3 bxc6 25.Qxc6 Rb8 26.Rac1 Rd8 27.Qxc7 Qxc7 28.Rxc7 Bf5 29.Be2 Rxd1+
30.Bxd1 Rxb5 31.Bb3 Be6 32.Bxe6 fxe6 33.Rxa7 Bxe5  1/2-1/2

[Event "III Open"]
[Site "La Laguna ESP"]
[Date "2009.05.10"]
[Round "9"]
[White "Medina Plasencia,S"]
[Black "Rivas Crespo,Alex"]
[Result "0-1"]
[WhiteElo "2022"]
[BlackElo "1998"]

1.d4 Nf6 2.c4 g6 3.Nc3 Bg7 4.e4 d6 5.Nf3 O-O 6.Be2 e5 7.dxe5 dxe5 8.Qxd8 Rxd8
9.Bg5 c6 10.Nxe5 Re8 11.O-O-O Na6 12.Nd3 Nxe4 13.Nxe4 Rxe4 14.Nb4 Bxb2+ 15.Kxb2 Rxe2+
16.Rd2 Rxd2+ 17.Bxd2 Nc5 18.f3 Be6 19.Be3 Na4+ 20.Kb3 Nb6 21.Bxb6 axb6 22.Kc3 Ra3+
23.Kb2 Re3 24.Rd1 Bxc4 25.Rd7 Re2+ 26.Kc3 Bxa2 27.Rxb7 Rxg2 28.Nxc6 Rxh2
29.Rxb6 Rh3 30.Ne5 Bd5 31.Kd4 Bxf3 32.Rf6 Rh4+ 33.Kc5 Rh5 34.Kd6 Be4 35.Nxf7 Rf5
36.Rxf5 Bxf5  0-1

[Event "TCh-NED 2008-9"]
[Site "Netherlands NED"]
[Date "2009.05.10"]
[Round "9"]
[White "De Jong,JW"]
[Black "Richter,Ch"]
[Result "0-1"]
[WhiteElo "2479"]
[BlackElo "2403"]

1.d4 Nf6 2.c4 g6 3.Nc3 Bg7 4.e4 d6 5.Nf3 O-O 6.Be2 Na6 7.O-O e5 8.Be3 Qe8
9.dxe5 dxe5 10.h3 Qe7 11.Nd5 Qd8 12.Nxf6+ Qxf6 13.a3 Nb8 14.Qc1 Nc6 15.Rd1 Qe7
16.b4 Re8 17.c5 Be6 18.b5 Na5 19.Qc3 b6 20.c6 f6 21.Nd2 Qf7 22.Bc5 Bh6 23.Bb4 Bxd2
24.Rxd2 Nb3 25.Rd7 Nd4 26.Rxd4 exd4 27.Qxd4 Rad8 28.Qc3 Kg7 29.Re1 Ba2 30.Bg4 Be6
31.Be2 Ba2 32.Bg4 Be6 33.Bd1 Bc4 34.a4 Rd3 35.Qc1 Bb3 36.Bg4 Rd4 37.Bc3 Rdxe4
38.Rf1 Be6 39.Bd1 Bc4 40.Bf3 Bxf1 41.Bxe4 Rxe4 42.Kxf1 Rxa4 43.Qe3 Qc4+ 44.Kg1 Qe4
45.Qd2 Qe7 46.f3 Qd6 47.Qe1 Rc4  0-1

[Event "31st Banicky kahanec"]
[Site "Prievidza SVK"]
[Date "2009.05.10"]
[Round "8"]
[White "Babula,V"]
[Black "Markos,J"]
[Result "1-0"]
[WhiteElo "2584"]
[BlackElo "2571"]

1.d4 Nf6 2.c4 g6 3.Nc3 Bg7 4.e4 O-O 5.Nf3 d6 6.Be2 e5 7.d5 a5 8.Bg5 Na6 9.Nd2 Bd7
10.O-O h6 11.Bh4 Qe8 12.Kh1 Nh7 13.a3 Bf6 14.Bg3 h5 15.f3 h4 16.Bf2 h3 17.g3 Bg7
18.b3 f5 19.Rb1 c5 20.dxc6 bxc6 21.b4 axb4 22.axb4 c5 23.bxc5 Nxc5 24.Nb3 Na4
25.Nd5 fxe4 26.fxe4 Nf6 27.Qd3 Nxd5 28.cxd5 Rb8 29.Nd2 Rxb1 30.Nxb1 Qc8 31.Kg1 Bh6
32.Qa3 Nc5 33.Bxc5 dxc5 34.Qc3 Rxf1+ 35.Kxf1 Qb8 36.Na3 Qb4 37.Qd3 Qb2 38.Nc4 Qc1+
39.Qd1 Qc3 40.Nb6 Bb5 41.Bxb5 Qb2 42.Be2 Qxb6 43.d6 Kg7 44.Qd5 Qb1+ 45.Kf2 Bg5
46.d7 Qb8 47.Bc4 Qf8+ 48.Ke2 Bf6 49.Kf3 Kh6 50.Kg4 Kg7 51.Kxh3 Qh8+ 52.Kg2 Qf8
53.Qe6 Kh6 54.Qe8 Qd6 55.Bd5 Kh7 56.h4 Qa6 57.Qf7+ Kh6 58.Bc4 Qd6 59.Bd5 Qa6
60.Qf8+ Kh5 61.Kf2  1-0

[Event "82nd ch-St Petersburg"]
[Site "St Petersburg RUS"]
[Date "2009.05.10"]
[Round "3"]
[White "Ivanov,Sergey1"]
[Black "Gorovykh,E"]
[Result "1/2-1/2"]
[WhiteElo "2551"]
[BlackElo "2404"]

1.d4 Nf6 2.c4 g6 3.Nc3 Bg7 4.e4 d6 5.Nf3 O-O 6.Be2 e5 7.O-O Nbd7 8.Re1 c6
9.Bf1 a6 10.Rb1 b5 11.b4 exd4 12.Nxd4 Ng4 13.Qxg4 Bxd4 14.Qg3 Be5 15.Bf4 Qf6
16.Bxe5 Nxe5 17.Rbd1 g5 18.c5 dxc5 19.bxc5 Be6 20.h4 h6 21.Nd5 Qg7 22.Ne7+ Kh7
23.Rd6 gxh4 24.Qxg7+ Kxg7 25.Nf5+ Bxf5 26.exf5 Rfe8 27.Re4 h3 28.Rh4 hxg2
29.Kxg2 Rad8 30.Rhxh6 a5 31.Kg3 a4 32.f4 Nc4 33.Bxc4 bxc4 34.Rxc6 c3 35.Rh2 Rc8
36.Rch6 Rg8 37.f6+ Kf8+ 38.Kf3 Rxc5 39.Rc2 Ke8 40.Rh1 Kd7 41.Rd1+ Ke6 42.Rd4 Ra8  1/2-1/2

[Event "XXVIII Open"]
[Site "Zalakaros HUN"]
[Date "2009.05.10"]
[Round "3"]
[White "Kreindl,H"]
[Black "Tesik,C"]
[Result "1-0"]
[WhiteElo "2171"]
[BlackElo "2145"]

1.d4 g6 2.Nf3 Nf6 3.c4 Bg7 4.Nc3 O-O 5.e4 d6 6.Be2 e5 7.dxe5 dxe5 8.Qxd8 Rxd8
9.Bg5 Re8 10.Nd5 Nxd5 11.cxd5 c6 12.Bc4 b5 13.Be2 Bb7 14.dxc6 Bxc6 15.Nd2 Nd7
16.Rc1 Rac8 17.O-O f6 18.Be3 a6 19.f3 Nf8 20.Nb3 Ne6 21.Nc5 Nxc5 22.Rxc5 Bf8
23.Rc2 Bd7 24.Rfc1 Rxc2 25.Rxc2 Rc8 26.Rxc8 Bxc8 27.Kf1 Kf7 28.Ke1 Bb4+ 29.Kd1 Be6
30.Kc2 h5 31.a3 Be1 32.Kd1 Ba5 33.b4 Bc7 34.Bc5 f5 35.Kd2 Ba2 36.a4 bxa4
37.Bxa6 f4 38.Kc3 a3 39.b5 Be6 40.Bxa3 g5 41.Bc5 g4 42.b6 Bb8 43.Bc4 h4 44.h3 gxf3
45.gxf3 Kf6 46.Bxe6 Kxe6 47.Kc4 Bd6 48.Bxd6 Kxd6 49.Kb5 Kd7 50.Kc5  1-0

[Event "Limpedea Cup"]
[Site "Baia Sprie ROM"]
[Date "2009.05.14"]
[Round "4"]
[White "Shishkin,Va UKR"]
[Black "Grigore,Ge"]
[Result "1-0"]
[WhiteElo "2498"]
[BlackElo "2542"]

1.d4 Nf6 2.c4 g6 3.Nc3 Bg7 4.e4 d6 5.Be2 O-O 6.Nf3 e5 7.Be3 exd4 8.Nxd4 Re8
9.f3 c6 10.Bf2 Nbd7 11.O-O a6 12.Qd2 Ne5 13.Rad1 b5 14.f4 b4 15.Qc2 Qc7 16.c5 dxc5
17.fxe5 Ng4 18.Bg3 Nxe5 19.Bc4 Rf8 20.Nf5 bxc3 21.Nxg7 Kxg7 22.Qxc3 f6 23.Rxf6  1-0

[Event "TCh-FIN"]
[Site "Finland FIN"]
[Date "2009.05.15"]
[Round "9"]
[White "Luukkonen,T"]
[Black "Virtanen,A"]
[Result "1-0"]
[WhiteElo "2287"]
[BlackElo "2337"]

1.d4 Nf6 2.c4 d6 3.Nc3 g6 4.e4 Bg7 5.Be2 O-O 6.Be3 e5 7.Nf3 Ng4 8.Bg5 f6
9.Bc1 Nc6 10.d5 Nd4 11.Nxd4 exd4 12.Qxd4 f5 13.Qd1 fxe4 14.Nxe4 Qe7 15.f3 Bf5
16.h3 Bxe4 17.hxg4 Bxf3 18.gxf3 Rxf3 19.Qc2 Re8 20.a4 Bd4 21.Kd1 Rf2 22.Re1 Bc5
23.Qd3 Qe5 24.Ra2 a5 25.b3 Bd4 26.Rc2 b6 27.Bd2 Qf6 28.g5 Qg7 29.Bc3 Rf4
30.Kc1 Ree4 31.Kb2 Qe5 32.Bxd4 Rxd4 33.Qc3 Rfe4 34.Rd1 Rxd1 35.Qxe5 Rxe5
36.Bxd1 Rxg5 37.Rf2 Kg7 38.Re2 Kf7  1-0

[Event "TCh-ISR 2008-9"]
[Site "Israel ISR"]
[Date "2009.05.15"]
[Round "9"]
[White "Tarnopolsky,A"]
[Black "Mittelman,G"]
[Result "1/2-1/2"]
[WhiteElo "2301"]
[BlackElo "2418"]

1.d4 Nf6 2.c4 g6 3.Nc3 Bg7 4.e4 d6 5.Nf3 O-O 6.Be2 e5 7.O-O Na6 8.Be3 Ng4
9.Bg5 Qe8 10.c5 exd4 11.Nd5 Be6 12.Be7 Bxd5 13.Bxf8 Qxf8 14.exd5 dxc5 15.Qb3 Rb8
16.Rac1 Bh6 17.Rcd1 Qd6 18.Qa3 Nf6 19.Bxa6 bxa6 20.Nd2 Qxd5 21.Nb3 Bf8 22.Qxa6 Bd6
23.Qe2 Re8 24.Qf3 Qxf3 25.gxf3 Rb8 26.Rb1 Kf8 27.Nd2 Nd5 28.Nc4 Nb6 29.b3 Nd5
30.Rfe1 Re8 31.Rxe8+ Kxe8 32.Nb2 Kd7 33.Nd3 Nc3 34.Ra1 Ke6 35.a4 Kd5 36.Nb2 Ne2+
37.Kf1 Nf4 38.Ke1 h5 39.Kd2 Ne6 40.Rh1 h4 41.h3 Bf4+ 42.Ke2 Bg5 43.Nd3 Be7
44.Rc1 Bd6 45.Rb1 Ng5 46.Rg1 Be7 47.Nf4+ Ke5 48.Nd3+ Kd5 49.Nf4+ Ke5 50.Nd3+ Kd5  1/2-1/2

[Event "82nd ch-St Petersburg"]
[Site "St Petersburg RUS"]
[Date "2009.05.15"]
[Round "8"]
[White "Popov,Val"]
[Black "Gorovykh,E"]
[Result "0-1"]
[WhiteElo "2570"]
[BlackElo "2404"]

1.d4 Nf6 2.c4 g6 3.Nc3 Bg7 4.e4 d6 5.Nf3 O-O 6.Be2 e5 7.O-O Nbd7 8.Qc2 exd4
9.Nxd4 c6 10.Bf4 Qc7 11.Rad1 Ne5 12.h3 a6 13.Bg5 Re8 14.a3 Ned7 15.Rfe1 b5
16.Nb3 bxc4 17.Bxc4 Ne5 18.Be2 Rb8 19.Rd2 c5 20.Qd1 Be6 21.Nc1 Rb6 22.Bf1 h6
23.Be3 g5 24.b4 Bc4 25.bxc5 dxc5 26.Qa4 Bxf1 27.Rxf1 Qc6 28.Rc2 g4 29.f3 gxf3
30.gxf3 Qe6 31.Rh2 Rc8 32.N1e2 Qc4 33.Rg2 Kh7 34.Qc2 Qd3 35.Qc1 Nc4 36.Bf4 Nh5
37.Kh1 Rg6 38.Rxg6 fxg6 39.Bh2 Nd2 40.Rf2 Rf8 41.e5 Nxf3 42.Qb1 Qxb1+ 43.Nxb1 Nxh2
44.Rxf8 Bxf8 45.Kxh2 g5 46.Nec3 Kg6 47.Nd5 Kf5 48.Nc7 a5 49.Nd2 Kxe5 50.Kg2 Kd6
51.Nb5+ Kd5 52.Kf3 c4 53.Ne4 Nf4 54.h4 Ne6 55.Nec3+ Kc5 56.Na7 Kb6 57.Ncb5  0-1

[Event "Champions League CAA"]
[Site "Buenos Aires ARG"]
[Date "2009.05.16"]
[Round "3"]
[White "Goldwaser,C"]
[Black "Preuss,Max"]
[Result "0-1"]
[WhiteElo "2356"]
[BlackElo "2114"]

1.Nf3 Nf6 2.c4 g6 3.Nc3 Bg7 4.e4 d6 5.d4 O-O 6.Be2 e5 7.d5 Nbd7 8.Bg5 h6
9.Bh4 g5 10.Bg3 Nh5 11.h4 g4 12.Nd2 Nxg3 13.fxg3 h5 14.O-O f5 15.exf5 Nc5
16.b4 e4 17.Rc1 Nd3 18.Bxd3 exd3 19.Nde4 Bxf5 20.Qd2 Qe7 21.Rce1 Bxe4 22.Rxf8+ Rxf8
23.Nxe4 Bd4+ 24.Nf2 Rxf2  0-1

[Event "Young Stars of the World"]
[Site "Kirishi RUS"]
[Date "2009.05.17"]
[Round "8"]
[White "Naroditsky,D"]
[Black "Belous,V"]
[Result "1-0"]
[WhiteElo "2335"]
[BlackElo "2414"]

1.d4 Nf6 2.c4 g6 3.Nc3 Bg7 4.e4 d6 5.Nf3 O-O 6.Be2 Na6 7.O-O e5 8.Be3 Ng4
9.Bg5 Qe8 10.c5 exd4 11.Nd5 Nxc5 12.Nxc7 Qxe4 13.Bc4 Rb8 14.Re1 Qf5 15.Be7 Ne5
16.Nxd4 Qf4 17.Nd5 Qh6 18.Be2 Be6 19.Bxf8 Rxf8 20.Ne3 Qf4 21.Nxe6 fxe6 22.Rf1 h5
23.g3 Qe4 24.Qxd6 Ned3 25.Bxd3 Nxd3 26.Rad1 Ne5 27.Qxe6+ Kh7 28.Qd5 Nf3+
29.Kh1 Qb4 30.Qc4 Qxb2 31.Qb3 Qf6 32.Qxb7 Qe6 33.Rd7 Kh6 34.Rxg7 Qh3 35.Ng4+ Qxg4
36.Rh7+ Kg5 37.Qe7+  1-0

[Event "82nd ch-St Petersburg"]
[Site "St Petersburg RUS"]
[Date "2009.05.17"]
[Round "10"]
[White "Popov,Val"]
[Black "Klimov,S"]
[Result "1-0"]
[WhiteElo "2570"]
[BlackElo "2521"]

1.Nf3 Nf6 2.c4 g6 3.Nc3 Bg7 4.e4 d6 5.d4 O-O 6.Be2 e5 7.Be3 Ng4 8.Bg5 f6
9.Bh4 g5 10.Bg3 Nh6 11.h3 Nc6 12.d5 Ne7 13.Nd2 Ng6 14.f3 Nf4 15.Bf1 f5 16.Bf2 fxe4
17.Ndxe4 Nf5 18.g4 Nd4 19.Nb5 c5 20.b4 Ng6 21.Bg2 Nh4 22.O-O Ndxf3+ 23.Bxf3 Nxf3+
24.Kh1 h5 25.Bxc5 hxg4 26.Nbxd6 Bd7 27.Qe2 b6 28.Be3 Qe7 29.c5 Bh8 30.c6 Qh7
31.Qg2 Nh4 32.Qg1 Rf3 33.Nxg5 Rxf1 34.Rxf1 Qg6 35.Nge4 Bf5 36.Nxf5 Nxf5 37.Rxf5 Qxf5
38.Qxg4+ Qxg4 39.hxg4 Kf7 40.d6  1-0

[Event "Limpedea Cup"]
[Site "Baia Sprie ROM"]
[Date "2009.05.19"]
[Round "9"]
[White "Sanikidze,T"]
[Black "Manolache,M"]
[Result "1-0"]
[WhiteElo "2559"]
[BlackElo "2495"]

1.d4 g6 2.c4 Bg7 3.Nf3 d6 4.Nc3 Nf6 5.e4 O-O 6.Be2 Nbd7 7.O-O e5 8.Re1 h6
9.Bf1 Re8 10.Rb1 c6 11.d5 Qe7 12.b4 cxd5 13.exd5 Qd8 14.Nb5 Nb6 15.c5 dxc5
16.bxc5 Nbxd5 17.Nxe5 Be6 18.Bb2 Bf5 19.Bd3 Bxd3 20.Qxd3 Qa5 21.Nd6 Re7 22.Ndxf7 Rf8
23.Nd6 Qxa2 24.h3 Nf4 25.Qd2 N6d5 26.Ra1 Qb3 27.Re4 Nd3 28.Qxd3 Qxb2 29.Qxd5+ Kh7
30.Rae1 Qxf2+ 31.Kh1 Qg3 32.Nf3 Rxe4 33.Nxe4 Qc7 34.Nd6 Qa5 35.Re7 Qa1+ 36.Kh2 Kh8
37.Re8 Qf6 38.Rxf8+ Bxf8 39.Qe5 Qxe5+ 40.Nxe5  1-0

[Event "Young Stars of the World"]
[Site "Kirishi RUS"]
[Date "2009.05.20"]
[Round "11"]
[White "Belous,V"]
[Black "Chan Yi Ren,D"]
[Result "1-0"]
[WhiteElo "2414"]
[BlackElo "2375"]

1.d4 Nf6 2.c4 d6 3.Nf3 g6 4.Nc3 Bg7 5.e4 O-O 6.Be2 e5 7.Be3 exd4 8.Nxd4 Re8
9.Qd2 Nh5 10.O-O-O Nc6 11.f3 Nf4 12.h4 Nxe2+ 13.Qxe2 Nxd4 14.Bxd4 Bxd4 15.Rxd4 Qf6
16.Qe3 Be6 17.g4 a6 18.g5 Qe5 19.h5 Qc5 20.Kb1 b5 21.Nd5 Bxd5 22.cxd5 Qb6
23.Qc3 Qc5 24.Qd2 a5 25.Rc1 Qb6 26.Rd3 b4 27.Qf4 gxh5 28.Qh4 a4 29.Qxh5 Qf2
30.Rh1 Kf8 31.Qxh7 Ke7 32.g6 Rf8 33.e5 dxe5 34.g7 Rg8 35.Qe4 f6 36.Rc1 Qb6
37.f4 Rae8 38.fxe5 Rxg7 39.d6+ cxd6 40.exf6+ Kf7 41.Qxe8+ Kxe8 42.fxg7 Kf7
43.Rf1+ Kg8 44.Rg3  1-0

[Event "TCh-ISR 2008-9"]
[Site "Israel ISR"]
[Date "2009.05.22"]
[Round "11"]
[White "Porat,Dav"]
[Black "Gershkowich,D"]
[Result "1/2-1/2"]
[WhiteElo "2196"]
[BlackElo "2341"]

1.d4 Nf6 2.c4 g6 3.Nc3 Bg7 4.e4 d6 5.Nf3 O-O 6.Be2 e5 7.dxe5 dxe5 8.Qxd8 Rxd8
9.Bg5 Re8 10.Nd5 Nxd5 11.cxd5 c6 12.Bc4 cxd5 13.Bxd5 Nc6 14.O-O Nb4 15.Bb3 Be6
16.Bxe6 Rxe6 17.Rfd1 h6 18.Bd2 Nc2 19.Rac1 Nd4 20.Kf1 Nxf3 21.gxf3 Rd8 22.Be3 Rxd1+
23.Rxd1 Bf6 24.Rd7 Ra6 25.Rxb7 Rxa2 26.Bxa7 Ra1+ 27.Ke2 h5 28.b4 Ra2+ 29.Kf1 h4
30.Kg2 Bg5 31.Kf1 h3 32.b5 Rb2 33.b6 Bh4 34.Rb8+ Kg7 35.b7 Bg5 36.Be3 Be7
37.f4 Bd6 38.Re8 Rb1+ 39.Ke2 exf4 40.Bd4+ f6 41.Rd8 f3+ 42.Kxf3 Bxh2 43.Rd7+ Kh6
44.Kg4 Be5 45.Bxe5 fxe5 46.Kxh3 Kg5 47.Rf7 Kh5 48.Kg3 Rb3+ 49.f3 Rb2 50.Re7 Kg5
51.Rf7 Kh5 52.Re7 Kg5 53.Rxe5+ Kf6 54.Ra5 Rxb7 55.Ra6+ Kg7 56.Kg4 Rb4 57.Kg5 Rb5+
58.Kf4 Rb4 59.Ke5 Rb5+ 60.Ke6 g5 61.Ra3 Kg6 62.Re3 Rb6+ 63.Ke7 Rb7+ 64.Kd6 Ra7
65.Rc3 Ra6+ 66.Rc6 Ra3 67.Ke5+ Kg7 68.Kf5 Rxf3+ 69.Kxg5 Kf7 70.e5 Ke7 71.Kg4 Rf1
72.Kg5 Rg1+  1/2-1/2

[Event "8th Asian Continental Women"]
[Site "Subic Bay PHI"]
[Date "2009.05.22"]
[Round "10"]
[White "Mohota,N"]
[Black "Xu Huahua"]
[Result "0-1"]
[WhiteElo "2304"]
[BlackElo "2093"]

1.d4 Nf6 2.c4 g6 3.Nc3 Bg7 4.e4 d6 5.Nf3 O-O 6.Be2 e5 7.dxe5 dxe5 8.Qxd8 Rxd8
9.Bg5 Re8 10.Nd5 Nxd5 11.cxd5 c6 12.Bc4 Nd7 13.dxc6 bxc6 14.O-O-O Nc5 15.Nd2 a5
16.Be3 Bf8 17.Kb1 Ne6 18.Rc1 a4 19.Rhd1 Nd4 20.Ka1 Be6 21.Bxd4 exd4 22.Bxe6 Rxe6
23.a3 c5 24.f3 Ra5 25.f4 f6 26.g3 Rb5 27.Rc4 Ra5 28.Kb1 Kf7 29.Kc2 Rb6 30.Rb1 Ra7
31.Nf3 Ke6 32.Ne1 f5 33.exf5+ Kd5 34.b3 axb3+ 35.Kd3 Rxa3 36.Rb2 gxf5 37.Nf3 Ra1
38.Nd2 Re1 39.Nxb3 Re3+ 40.Kc2 Re2+ 41.Nd2 Rxb2+  0-1

[Event "Doroshkevicha Mem"]
[Site "Belorechensk RUS"]
[Date "2009.05.23"]
[Round "1"]
[White "Lugovskoy,D"]
[Black "Petrushin,A1"]
[Result "0-1"]
[WhiteElo "1958"]
[BlackElo "2456"]

1.d4 Nf6 2.Nf3 g6 3.c4 Bg7 4.Nc3 O-O 5.e4 d6 6.Be2 e5 7.Be3 Nbd7 8.O-O Ng4
9.Bg5 f6 10.Bh4 Nh6 11.dxe5 dxe5 12.Nd2 a5 13.a3 Nc5 14.f3 Re8 15.Na4 Ne6
16.Nb3 Qe7 17.Bf2 Nf4 18.Qc2 f5 19.Be3 Qg5 20.Bxf4 exf4 21.Bd3 fxe4 22.Bxe4 Nf5
23.Bxf5 Bxf5 24.Qf2 Bd3 25.Rfe1 Bxc4 26.Nd2 Bd5 27.Qc5 h6 28.Nc3 Bc6 29.Qc4+ Kh8
30.Nde4 Qf5 31.Rad1 a4 32.Rd2 Qe6 33.Qxe6 Rxe6 34.Red1 Kg8 35.Rd8+ Rxd8 36.Rxd8+ Kf7
37.Nc5 Rd6 38.Rxd6 cxd6 39.N5xa4 b5  0-1

[Event "ch-UKR w"]
[Site "Evpatoria UKR"]
[Date "2009.05.23"]
[Round "1"]
[White "Huda,Mary"]
[Black "Tantsiura,M"]
[Result "1-0"]
[WhiteElo "2247"]
[BlackElo "2008"]

1.d4 Nf6 2.c4 g6 3.Nc3 Bg7 4.e4 O-O 5.Nf3 d6 6.Be2 e5 7.Be3 Nc6 8.d5 Ne7
9.Nd2 Nd7 10.O-O f5 11.f3 f4 12.Bf2 g5 13.b4 h5 14.c5 Nf6 15.Nc4 Ne8 16.cxd6 cxd6
17.Nb5 b6 18.a4 Ng6 19.h3 Qd7 20.Nxa7 Qxa7 21.Nxb6 Qb7 22.a5 Nc7 23.b5 Rd8
24.Nxa8 Nxa8 25.b6 Bf6 26.a6 Qg7 27.Qb3 Nxb6 28.Bxb6 Rf8 29.Rfc1 Nh4 30.Rc7 Qg6
31.a7 Bxh3 32.a8=Q Bd8 33.Rb7 Bxb6+ 34.Qxb6 Bxg2 35.Qxf8+  1-0

[Event "27th NAO OCF FIDE Open"]
[Site "Stillwater USA"]
[Date "2009.05.23"]
[Round "2"]
[White "Crockett,J"]
[Black "Braunlich,T"]
[Result "0-1"]
[WhiteElo "2032"]
[BlackElo "2173"]

1.Nf3 d6 2.d4 Nf6 3.c4 g6 4.Nc3 Bg7 5.e4 O-O 6.Be2 e5 7.Be3 h6 8.d5 Ng4 9.Bc1 f5
10.Nd2 Qh4 11.g3 Qf6 12.O-O Qe7 13.b4 a5 14.bxa5 Rxa5 15.Nb3 Ra8 16.f3 Nf6
17.Be3 f4 18.Bf2 Bh3 19.Re1 fxg3 20.hxg3 Nh5 21.c5 Qg5 22.Qd2 Nxg3 23.Qxg5 Nxe2+
24.Nxe2 hxg5 25.Kh2 Rxf3 26.cxd6 cxd6 27.Bb6 g4 28.Ng1 Rc3 29.Re3 Rxe3 30.Bxe3 Nd7
31.Nxh3 gxh3 32.Kxh3 Nf6 33.Nd2 Ra3 34.Nf1 Bh6 35.Re1 Nxe4 36.Kh4 Bxe3 37.Nxe3 Nf6
38.Kg5 Kg7 39.Re2 Ra4 40.Rb2 Nh7+  0-1

[Event "8th Asian Continental Women"]
[Site "Subic Bay PHI"]
[Date "2009.05.23"]
[Round "11"]
[White "Karavade,E"]
[Black "Gu Xiaobing"]
[Result "1-0"]
[WhiteElo "2359"]
[BlackElo "2336"]

1.d4 Nf6 2.c4 g6 3.Nc3 Bg7 4.e4 d6 5.Nf3 O-O 6.Be2 e5 7.Be3 Na6 8.O-O c6
9.Re1 Qe7 10.h3 exd4 11.Bxd4 Nc5 12.Bf1 Ne6 13.Be3 Nd7 14.Qd2 Ne5 15.Nd4 Nxd4
16.Bxd4 Be6 17.b3 Qf6 18.Ne2 g5 19.Rad1 Qg6 20.Ng3 h5 21.Qc2 g4 22.Nf5 Bxf5
23.exf5 Qg5 24.Be3 Qf6 25.hxg4 hxg4 26.Bf4 Bh6 27.Bg3 Rfe8 28.Re4 Kf8 29.Qe2 Rad8
30.c5 Qxf5 31.Rxd6 Rxd6 32.cxd6 f6 33.Qc2 Qd7 34.Bxe5 fxe5 35.Qd1 Re6 36.Qxg4 Rxd6
37.Qxd7 Rxd7 38.Rxe5 Rd1 39.g3 Bg7 40.Rf5+ Ke7 41.Kg2 Bd4 42.a4 a6 43.Rf3 b5
44.Rd3 Rxd3 45.Bxd3 Ke6 46.f4 Kd5 47.Kf3 Kc5 48.Ke4 Bb2 49.Kf5 Kd4 50.Be4 c5
51.axb5 axb5 52.Bc6 c4 53.bxc4 bxc4 54.g4 c3 55.Be4 Ba3 56.Bb1 Ke3 57.g5 Kf3
58.g6 Bf8 59.Kg5 Be7+ 60.Kh5 Bf6 61.f5  1-0

[Event "Subic Open"]
[Site "Subic PHI"]
[Date "2009.05.26"]
[Round "3"]
[White "Batchuluun,T"]
[Black "Milagrosa,A"]
[Result "0-1"]
[WhiteElo "2391"]
[BlackElo "2227"]

1.d4 g6 2.c4 Bg7 3.Nf3 d6 4.Nc3 Nf6 5.e4 O-O 6.Be2 e5 7.O-O Na6 8.Be3 Ng4
9.Bg5 Qe8 10.c5 exd4 11.Nd5 Qxe4 12.Bc4 d3 13.Ne7+ Kh8 14.Bd5 Qb4 15.Nxc8 Raxc8
16.Bd2 Qxb2 17.Rb1 Qa3 18.Bxb7 Rb8 19.c6 Qxa2 20.h3 Ne5 21.Nxe5 Bxe5 22.Be3 Nc5
23.Bxc5 dxc5 24.Qxd3 Bd4 25.Qg3 Qa5 26.Rbd1 Rbd8 27.Qb3 Kg7 28.Rd3 Rfe8 29.Rf3 Re7
30.Kh2 Rd6 31.Rc1 Ree6 32.Rc2 Qa1 33.Ra2 Qc1 34.Rc2 Qg5 35.Ba6 Rxc6 36.Bc4 Rf6
37.g3 h5 38.h4 Qg4 39.Kg2 Rb6 40.Rxf6 Bxf6 41.Qd3 Bd4 42.Ra2 Rb1 43.Qe2 Qxe2
44.Bxe2 Ra1 45.Rxa1 Bxa1 46.Bc4 a5 47.Bb3 f5 48.Kf1 Kf6 49.Ke2 Bd4 50.f4 c4
51.Ba4 c5 52.Bb5 c3 53.Ba4 c4 54.Bc2 Ke6 55.Ba4 Bc5 56.Ke1 Bd4 57.Ke2 Bc5
58.Ke1 Kd5 59.Ke2 Bb4 60.Ke3 Ba3 61.Ke2 Kc5 62.Kd1 Kd4 63.Kc2 Bb4 64.Be8 Ke4
65.Bxg6 a4 66.Kb1 a3 67.Bh7 Bc5 68.Bg6 Be3 69.Bxh5 a2+  0-1

[Event "Doroshkevicha Mem"]
[Site "Belorechensk RUS"]
[Date "2009.05.28"]
[Round "6"]
[White "Tuzhba,K"]
[Black "Karabakthsian,A"]
[Result "1/2-1/2"]
[WhiteElo "1920"]
[BlackElo "2039"]

1.d4 Nf6 2.c4 g6 3.Nc3 Bg7 4.e4 d6 5.Nf3 e5 6.d5 O-O 7.Be2 h6 8.Be3 Ng4 9.Bd2 f5
10.O-O f4 11.b4 h5 12.c5 Kh8 13.cxd6 cxd6 14.Rc1 Bd7 15.Nb5 Bxb5 16.Bxb5 a6
17.Be2 Nd7 18.Qc2 Rc8 19.Qxc8 Qxc8 20.Rxc8 Rxc8 21.Rc1 Rxc1+ 22.Bxc1 Bh6
23.Nd2 b5 24.a4 bxa4 25.Bxa6 f3 26.gxf3 Ngf6 27.Kf1 a3 28.Nb3 Bxc1 29.Nxc1 g5
30.Nb3 g4 31.Ke2 Kg7 32.Ke3 Kg6 33.f4 h4 34.fxe5 Nxe5 35.Be2 Kg5 36.b5 Nfd7
37.f4+ gxf3 38.Bxf3 a2 39.Be2 Nc5 40.Na1 Ng4+ 41.Bxg4 Kxg4 42.Kd4 Nd7 43.Kc3 Kh3
44.Kb2 Kxh2 45.Nc2 Kg3 46.Ne3 h3 47.Kxa2 Kf3 48.Nf1 Kxe4 49.Kb3 Kxd5 50.Kb4 Nb6
51.Ne3+  1/2-1/2